00432nam a2200133Ia 4500008004100000041000800041082002000049100008100069245006800150260004900218300000800267440000600275999001700281230128s9999 xx 000 0 und d aeng aAIS PR0665bAIS aAishwarya Darvatkar - 2k161012; Pradny Kashikar - Guide & Cludo Bits9119001 aA Cross Functional Study Of Processes In The It & Ites Industry c2016bSavitribai Phule Pune UniversityaPune a58p v1 c97305d97305